Score 0/20 Timer 06:00
0 Plays Today
Clue Person % Correct
35th President of the United States, 1961-1963John F. Kennedy
96.7%
Actor-turned-director, won an Oscar for 'Braveheart'Mel Gibson
90.8%
Albanian nun, winner of the 1979 Nobel Peace PrizeMother Teresa
89.1%
Iconic director of thrillers 'North by Northwest' and 'Psycho'Alfred Hitchcock
84.2%
Canadian singer of 'Titanic' theme 'My Heart Will Go On'Celine Dion
84%
'The Lord of the Rings' author and friend of C.S. LewisJ.R.R. Tolkien
82.2%
First Lady of Argentina, subject of a 1976 musicalEva Perón
79.9%
American actor and singer of 'My Way,' member of the Rat PackFrank Sinatra
79.6%
Australian-American actress, star of 'The Hours' and 'Moulin Rouge!'Nicole Kidman
74.5%
Actress, married Rainier III, Prince of Monaco in 1956Grace Kelly
71.1%
Clue Person % Correct
Major League Baseball player, 1914-1935, nicknamed 'the Sultan of Swat'Babe Ruth
68.3%
Author of 'For Whom the Bell Tolls' and 'A Farewell to Arms'Ernest Hemingway
68.3%
WWII Free French leader and founder of the Fifth French RepublicCharles de Gaulle
54.2%
Played Count Dracula in the 1931 film of the same nameBela Lugosi
47.4%
Played Bonnie opposite Warren Beatty in 'Bonnie and Clyde'Faye Dunaway
43%
US female tennis player, won 18 Grand Slams in the '70s/'80sChris Evert
36.9%
Former King of Spain, became King in 1975 following Franco's deathJuan Carlos I
36.7%
Artistic Director of the London 2012 Olympics opening ceremonyDanny Boyle
22.4%
British composer, wrote music for 'Land of Hope and Glory'Edward Elgar
17.4%
Holds the record for most acting Oscar nominations without a winPeter O'Toole
15.2%
Remove Ads.
Support Sporcle.
Get the best of Sporcle when you Go Orange. This ad-free experience offers more features, more stats, and more fun while also helping to support Sporcle. Thank you for becoming a member.

You're not logged in!

Compare scores with friends on all Sporcle quizzes.
OR
Log In

Show Comments

Extras

Top Quizzes Today


Score Distribution

Your Account Isn't Verified!

In order to create a playlist on Sporcle, you need to verify the email address you used during registration. Go to your Sporcle Settings to finish the process.

Report this User

Report this user for behavior that violates our Community Guidelines.

Details: